000 00565nam a2200217Ia 4500
003 OSt
005 20220924133136.0
006 a|||||r|||| 00| 0
007 ta
008 220923b |||||||| |||| 00| 0 urd d
024 _a258182
037 _cTextual
040 _aARTS
_cARTS
_burd
041 _2urd
_aurd
082 _aDelta73y7N, 168M6
100 _aJafari Sayed Raees Ahmad
_9205734
245 0 _aAnwar e auliya
260 _c1986
942 _hDelta73y7N, 168M6
_cTEXL
_2CC
999 _c432743
_d432743